Can the poor influence policy? : (Record no. 3169)

MARC details
000 -LEADER
fixed length control field 00919cam a22003014a 4500
001 - CONTROL NUMBER
control field 12481591
003 - CONTROL NUMBER IDENTIFIER
control field OSt
005 - DATE AND TIME OF LATEST TRANSACTION
control field 20161024141236.0
008 - FIXED-LENGTH DATA ELEMENTS--GENERAL INFORMATION
fixed length control field 010725s2002 dcua b 000 0 eng
010 ## - LIBRARY OF CONGRESS CONTROL NUMBER
LC control number 2001044411
020 ## - INTERNATIONAL STANDARD BOOK NUMBER
International Standard Book Number 0821350005
020 ## - INTERNATIONAL STANDARD BOOK NUMBER
International Standard Book Number 1589060601
040 ## - CATALOGING SOURCE
Original cataloging agency DLC
Transcribing agency DLC
Modifying agency DLC
042 ## - AUTHENTICATION CODE
Authentication code pcc
043 ## - GEOGRAPHIC AREA CODE
Geographic area code d------
050 00 - LIBRARY OF CONGRESS CALL NUMBER
Classification number HC59.72.P6
Item number R6 2002
082 00 - DEWEY DECIMAL CLASSIFICATION NUMBER
Classification number 362.5
Edition number 21
Item number ROB 2002
100 1# - MAIN ENTRY--PERSONAL NAME
Personal name Robb, Caroline M.,
Dates associated with a name 1963-
9 (RLIN) 7077
245 10 - TITLE STATEMENT
Title Can the poor influence policy? :
Remainder of title participatory poverty assessments in the developing world
250 ## - EDITION STATEMENT
Edition statement 2nd ed.
260 ## - PUBLICATION, DISTRIBUTION, ETC. (IMPRINT)
Place of publication, distribution, etc. Washington, D.C. :
Name of publisher, distributor, etc. World Bank,
Date of publication, distribution, etc. 2002.
300 ## - PHYSICAL DESCRIPTION
Extent xxxiii, 195 p. :
Other physical details ill. ;
Dimensions 23 cm.
504 ## - BIBLIOGRAPHY, ETC. NOTE
Bibliography, etc Includes bibliographical references (p. 189-195).
650 #0 - SUBJECT ADDED ENTRY--TOPICAL TERM
Topical term or geographic name as entry element Poverty reduction
9 (RLIN) 7078
650 #0 - SUBJECT ADDED ENTRY--TOPICAL TERM
Topical term or geographic name as entry element politica strategies
9 (RLIN) 11240
906 ## - LOCAL DATA ELEMENT F, LDF (RLIN)
a 7
b cbc
c orignew
d 1
e ocip
f 20
g y-gencatlg
942 ## - ADDED ENTRY ELEMENTS (KOHA)
Source of classification or shelving scheme Dewey Decimal Classification
Koha item type Short Loan
Holdings
Withdrawn status Lost status Source of classification or shelving scheme Damaged status Not for loan Home library Current library Date acquired Inventory number Total Checkouts Full call number Barcode Date last seen Price effective from Koha item type
    Dewey Decimal Classification     MUST Main Library MUST Main Library 04/03/2016 2005/24091   362.5 ROB 2002 2016-0341 04/03/2016 04/03/2016 Short Loan
    Dewey Decimal Classification     MUST Main Library MUST Main Library 30/03/2016 2003/17904   362.5 ROB 2002 2016-0562 30/03/2016 30/03/2016 Short Loan